| 000 | 00717nam a2200181 4500 | ||
|---|---|---|---|
| 001 | 111246 | ||
| 003 | ES-MaACL | ||
| 005 | 20230906185253.0 | ||
| 007 | t| | ||
| 008 | 061121s1949 ag r ||||1| spa d | ||
| 100 | 1 |
_aNájera Angulo, Luis. _984870 |
|
| 245 | 1 | 0 |
_aImportancia sanitaria de la ` disalimentación` y descripción de un índice nuevo para determinar el estado de nutrición de la población escolar / _cpor el Dr. Luis Nájera. |
| 260 |
_aTucuman (Argentina) : _bUniversidada Nacional, _c[1949] |
||
| 300 |
_a1 h. ; _c24 cm. |
||
| 500 | _aEs separata de Actas de Trabajos . Vol. 1- Nº 2- noviembre 1949. | ||
| 710 | 2 |
_aUniversidad Nacional (Tucuman) _97432 |
|
| 852 |
_aES-MaACL _j1944-F-19 _bR.31663 |
||
| 999 |
_c111246 _d111246 |
||